Термоформование. Практическое руководство: пер. с англ.

ग्रंथसूची विवरण
मुख्य लेखक: Шварцманн П. Петер
अन्य लेखक: Иллиг А. Адольф (редактор)
सारांश:Настоящее издание дает исчерпывающее представление о принципах и процессах термоформования. Автор приводит большое число развернутых ответов и практических советов на отдельные проблемы для квалифицированных инженеров и технологов, уже имеющих опыт в данной области. Кроме того, книга может служить учебным пособием для студентов, знакомящихся с одним из крупных сегментов переработки пластмасс. Помимо термопластичных полимеров, применяемых в качестве термоформуемых материалов, в данной книге подробно рассмотрены, с использованием практических примеров, все технологические этапы, наиболее важные модели машин, а также принципы, применяемые для изготовления форм и инструментов.
भाषा:रूसी
प्रकाशित: СПб., Профессия, 2007
श्रृंखला:Hanser
विषय:
स्वरूप: MixedMaterials पुस्तक
KOHA link:https://koha.lib.tpu.ru/cgi-bin/koha/opac-detail.pl?biblionumber=109119

MARC

LEADER 00000nam0a2200000 4500
001 109119
005 20231031115923.0
010 |a 5939131174 
035 |a (RuTPU)RU\TPU\book\117785 
090 |a 109119 
100 |a 20070131d2007 km y0rusy50 ca 
101 1 |a rus  |c eng 
102 |a RU 
105 |a a z 000zy 
200 1 |a Термоформование. Практическое руководство  |e пер. с англ.  |f П. Шварцманн  |g под ред. А. Иллига 
210 |a СПб.  |c Профессия  |d 2007 
215 |a 288 с.  |c ил. 
225 1 |a Hanser 
330 |a Настоящее издание дает исчерпывающее представление о принципах и процессах термоформования. Автор приводит большое число развернутых ответов и практических советов на отдельные проблемы для квалифицированных инженеров и технологов, уже имеющих опыт в данной области. Кроме того, книга может служить учебным пособием для студентов, знакомящихся с одним из крупных сегментов переработки пластмасс. Помимо термопластичных полимеров, применяемых в качестве термоформуемых материалов, в данной книге подробно рассмотрены, с использованием практических примеров, все технологические этапы, наиболее важные модели машин, а также принципы, применяемые для изготовления форм и инструментов. 
610 1 |a полимеры 
610 1 |a термоформование 
610 1 |a термопласты 
610 1 |a структура 
610 1 |a свойства 
610 1 |a термопластичные материалы 
610 1 |a производство 
610 1 |a принципы 
610 1 |a термины 
610 1 |a позитивное формование 
610 1 |a негативное формование 
610 1 |a ламинирование 
610 1 |a облицовка 
610 1 |a специальные процессы 
610 1 |a нагревание 
610 1 |a термостатирование 
610 1 |a снятие с формы 
610 1 |a отделка 
610 1 |a ошибки 
610 1 |a дефекты 
610 1 |a штамповые инструменты 
610 1 |a вырубные инструменты 
610 1 |a ножевые лезвия 
610 1 |a антикоррозионная защита 
675 |a 678.073  |v 3 
700 1 |a Шварцманн  |b П.  |g Петер 
702 1 |a Иллиг  |b А.  |g Адольф  |4 340 
801 1 |a RU  |b 63413507  |c 20070131  |g PSBO 
801 2 |a RU  |b 63413507  |c 20070504  |g PSBO 
942 |c BK 
959 |a 12/20070131  |d 1  |e 759,00  |f ЧЗТЛ:1